000 004440000a22001210004500
100 1 _ade Oliveira Molochenco, Madalena.
245 1 0 _aOs cursos de educaçâo religiosa têm futuro?
300 _aVol.4, no.5 (2008), p. 49-55
520 _aEl artículo discute varias causas de reducción de alumnos que buscan una formación en educación religiosa en los seminarios teológicos.
650 1 4 _aEDUCACIÓN
773 0 _tTeológica
942 _cANA
999 _c63390
_d63390